Ciencias naturales 9º /
Guardado en:
| Autor Principal: | |
|---|---|
| Otros Autores: | , , , , |
| Formato: | Libro |
| Publicado: |
Buenos Aires :
Santillana,
2008
|
| Series: | Nuevamente
|
| Materias: | |
| Etiquetas: |
Agregar Etiqueta
Sin Etiquetas, Sea el primero en etiquetar este registro!
|
| LEADER | 01619nam a22003375a 4500 | ||
|---|---|---|---|
| 001 | CEM.cems012988 | ||
| 005 | 20081015082654.0 | ||
| 008 | 130507s2008##################000#0#####d | ||
| 003 | CEMS | ||
| 020 | |a 9789504618997 | ||
| 082 | 0 | 4 | |a Z570 |
| 100 | 1 | |a Iglesias, María Cristina | |
| 245 | 1 | 0 | |a Ciencias naturales 9º / |c María Cristina Iglesias ... [et Al.] |
| 260 | |a Buenos Aires : |b Santillana, |c 2008 | ||
| 300 | |a 256 p. | ||
| 490 | 0 | |a Nuevamente | |
| 500 | |a Para nivel Eduación Secundaria Básica | ||
| 505 | 0 | |a Así es la ciencia -- La reproducción de los seres vivos -- La reproducción en el ser humano -- Herencia y genética -- La evolución de las especies -- Las reacciones químicas -- El núcleo atómico y las reacciones nucleares -- Química industrial y ambiental -- Las leyes de Newton -- Transferencia de energía -- Ondas electromagnéticas, la luz -- Los fenómenos climáticos -- El sistema solar y la historia de la tierra -- El cosmos | |
| 653 | |a Ciencias naturales | ||
| 653 | |a Ciencias naturales 9º-egb | ||
| 653 | |a Ciencias naturales 9º-esb | ||
| 653 | |a Ciencias naturales-educación general básica | ||
| 653 | |a Ciencias naturales-educación secundaria básica | ||
| 700 | 1 | |a Franco, Ricardo | |
| 700 | 1 | |a Frid, Débora J. | |
| 700 | 1 | |a López de Riccardini, Silvia | |
| 700 | 1 | |a Taddei, Federico P. | |
| 700 | 1 | |a Glejzer, Claudio E. | |
| 859 | |a CEMS |b BIB. CEMS - 11 de abril |h Z570 |i Ig4 |p 25351.08 |t Ej.1 |v 9º |3 9º | ||
| 859 | |a CEMS |b BIB. CEMS - 11 de abril |h Z570 |i Ig4 |p 25352.08 |t Ej.2 |v 9º |3 9º | ||
| 859 | |a CEMS |b BIB. CEMS - 11 de abril |h Z570 |i Ig4 |p 25353.08 |t Ej.3 |v 9º |3 9º | ||
